000 00543nam a2200193Ia 4500
003 LK-CoDNM
005 20241217092439.0
008 121204t1962 xxu||||| |||| 00| 0 sin d
040 _aLK-CoDNM
_dLK-CoDNM
_eLK-CoDNM
041 _asin
080 _a8S-1 15/16
_bMUK
100 _aAmaramoli Himi Veragoda
245 _aකුස ජාතක කාව්‍යය
246 _aKusa Jathaka Kavyaya
260 _bRathnakara Pothhala
_aColombo
_c1962
300 _b171p. ; 21 cm
650 _aපුරතණ පද්‍ය
942 _cBK
999 _c74997
_d74997